00914nam a2200241 a 450000100100000000500170001000800410002701000130006802000150008104000180009605000260011410000450014024501500018525000110033526000290034630000210037549000280039670000450042483000530046991000280052295201050055099900170065500001813420200929165353.0930513s1992 ec 000 0 spa d a93153355 a9978801561 aDO-SdBNPcDLC00aPQ8219.B416bA88 19922 aBenites Vinueza, Leopoldo,d1905-93929610aArgonautas de la selva :blos descubridores del Amazonas /cLeopoldo Benites Vinueza ; estudio introductorio y notas de Oswaldo Encalada Vasquez. a1. ed. aQuito :bLibresa,c1992. a382 p. ;c20 cm.1 aColeccion Antares ;v782 aEncalada Vasquez, Oswaldo,d1955-939297 0aColeccion Antares (Quito, Ecuador) ;v78.939298 aCatalogación derivada 001050718MOaGRbGRcCTd2010-04-15iLF1l0o p18134-10r2020-06-25w2020-06-25y1ZNo se presta c17655d17655